00593nam a2200157Ia 4500008004100000082001800041100001600059245003800075260006800113300001000181630002700191650007000218942000900288952012100297999001700418211109s9999||||xx |||||||||||||| ||und|| a153.42bKUM-S aKumar, Arun 0aShort Guide to Generall Knowledge bAll India Institute of General Knowledge EducationaDelhic1967 a192p. xReference Reading Room aPhilosophyvEpistemologyPsychologymental ProcessesxIntelligence cBOOK 00102ddc4070aSBCLbSBCLc1d2021-11-09g100.00o153.42 KUM-Sp00031555r2021-11-09 00:00:00t2w2021-11-09yBOOK c30620d30620